000 00710nam a2200241 a 4500
001 634
003 BR-CuiBMT
005 20231127143135.0
008 231110s2002 spb 000 0 por d
020 _a8520319602
040 _aBR-CuiBMT
_cBR-CuiBMT
080 _22007
_a347
090 _a347
_bR672c
100 1 _aRocha, Silvio Luís Ferreira da
245 1 0 _aCurso avançado de direito civil /
_cSilvio Luís Ferreira da Rocha.
260 _aSão Paulo :
_bRevista dos Tribunais,
_c2002.
300 _a505 p. ;
_c21 cm
504 _aInclui bibliografia.
505 1 _av. 3. Contratos
590 _aA Biblioteca possui somente o volume 3.
650 _aDireito civil
_xContratos
_zBrasil
942 _2udc
_cLV
999 _c634
_d634